Vlastník stavieb a pozemkov Novelizácia zákona o dani z nehnuteľností

Komentovaná novelizácia zákona SNR č.317/1992 Zb. o dani z nehnuteľností. Cieľ novely zákona. Zmeny zákona v sadzbách dane z pozemkov. Podávanie daňového priznania.

Salvato in:
Dettagli Bibliografici
Autore principale: Fehér, J.
Natura: Capitolo di libro
Lingua:slovacco
Soggetti:
Tags: Aggiungi Tag
Nessun Tag, puoi essere il primo ad aggiungerne!!

MARC

LEADER 00000naa a2200000 4500
001 r000421
005 20221213114017.0
041 0 |a slo 
044 |a SK 
245 1 0 |a Vlastník stavieb a pozemkov  |b Novelizácia zákona o dani z nehnuteľností  |c J. Fehér 
520 |a Komentovaná novelizácia zákona SNR č.317/1992 Zb. o dani z nehnuteľností. Cieľ novely zákona. Zmeny zákona v sadzbách dane z pozemkov. Podávanie daňového priznania. 
610 2 0 |a zákony 
610 2 0 |a dane z nehnuteľností 
610 2 0 |a priznania majetkové 
610 2 0 |a sadzby daňové 
100 1 |a Fehér, J.